<?xml version="1.0" encoding="UTF-8"?>
<record
    xmlns:xsi="http://www.w3.org/2001/XMLSchema-instance"
    xsi:schemaLocation="http://www.loc.gov/MARC21/slim http://www.loc.gov/standards/marcxml/schema/MARC21slim.xsd"
    xmlns="http://www.loc.gov/MARC21/slim">

  <leader>01117nam a22002177a 4500</leader>
  <controlfield tag="003">NALT</controlfield>
  <controlfield tag="005">20251118103231.0</controlfield>
  <controlfield tag="008">      s2535    th                  tha d</controlfield>
  <datafield tag="020" ind1=" " ind2=" ">
    <subfield code="a">9748359654</subfield>
  </datafield>
  <datafield tag="040" ind1=" " ind2=" ">
    <subfield code="a">NALT</subfield>
  </datafield>
  <datafield tag="041" ind1=" " ind2=" ">
    <subfield code="a">tha</subfield>
  </datafield>
  <datafield tag="050" ind1=" " ind2=" ">
    <subfield code="a">DS 570.6S5</subfield>
    <subfield code="b">&#xE17;622&#xE2A; 2535</subfield>
  </datafield>
  <datafield tag="100" ind1="0" ind2="4">
    <subfield code="a">&#xE40;&#xE17;&#xE1E;&#xE23;&#xE31;&#xE15;&#xE19;&#xE23;&#xE32;&#xE0A;&#xE2A;&#xE38;&#xE14;&#xE32;&#xE2F; &#xE2A;&#xE22;&#xE32;&#xE21;&#xE1A;&#xE23;&#xE21;&#xE23;&#xE32;&#xE0A;&#xE01;&#xE38;&#xE21;&#xE32;&#xE23;&#xE35;, </subfield>
    <subfield code="9">53950</subfield>
    <subfield code="c">&#xE2A;&#xE21;&#xE40;&#xE14;&#xE47;&#xE08;&#xE1E;&#xE23;&#xE30;</subfield>
  </datafield>
  <datafield tag="245" ind1="1" ind2="0">
    <subfield code="a">&#xE2A;&#xE21;&#xE40;&#xE14;&#xE47;&#xE08;&#xE41;&#xE21;&#xE48;&#xE01;&#xE31;&#xE1A;&#xE01;&#xE32;&#xE23;&#xE28;&#xE36;&#xE01;&#xE29;&#xE32; /</subfield>
    <subfield code="c">&#xE2A;&#xE21;&#xE40;&#xE14;&#xE47;&#xE08;&#xE1E;&#xE23;&#xE30;&#xE40;&#xE17;&#xE1E;&#xE23;&#xE31;&#xE15;&#xE19;&#xE23;&#xE32;&#xE0A;&#xE2A;&#xE38;&#xE14;&#xE32;&#xE2F; &#xE2A;&#xE22;&#xE32;&#xE21;&#xE1A;&#xE23;&#xE21;&#xE23;&#xE32;&#xE0A;&#xE01;&#xE38;&#xE21;&#xE32;&#xE23;&#xE35;.</subfield>
  </datafield>
  <datafield tag="260" ind1=" " ind2=" ">
    <subfield code="a">&#xE01;&#xE23;&#xE38;&#xE07;&#xE40;&#xE17;&#xE1E;&#xE2F; : </subfield>
    <subfield code="b">&#xE42;&#xE23;&#xE07;&#xE40;&#xE23;&#xE35;&#xE22;&#xE19;&#xE08;&#xE34;&#xE15;&#xE23;&#xE25;&#xE32;, </subfield>
    <subfield code="c">2535</subfield>
  </datafield>
  <datafield tag="300" ind1=" " ind2=" ">
    <subfield code="a">198 &#xE2B;&#xE19;&#xE49;&#xE32; :</subfield>
    <subfield code="b">&#xE20;&#xE32;&#xE1E;&#xE1B;&#xE23;&#xE30;&#xE01;&#xE2D;&#xE1A; ;</subfield>
    <subfield code="c">26 &#xE0B;&#xE21;.</subfield>
  </datafield>
  <datafield tag="600" ind1="0" ind2="4">
    <subfield code="9">4769</subfield>
    <subfield code="a">&#xE2A;&#xE34;&#xE23;&#xE34;&#xE01;&#xE34;&#xE15;&#xE34;&#xE4C; &#xE1E;&#xE23;&#xE30;&#xE1A;&#xE23;&#xE21;&#xE23;&#xE32;&#xE0A;&#xE34;&#xE19;&#xE35;&#xE19;&#xE32;&#xE16;,</subfield>
    <subfield code="c">&#xE2A;&#xE21;&#xE40;&#xE14;&#xE47;&#xE08;&#xE1E;&#xE23;&#xE30;&#xE19;&#xE32;&#xE07;&#xE40;&#xE08;&#xE49;&#xE32;,</subfield>
    <subfield code="d">2475-</subfield>
    <subfield code="x">&#xE1E;&#xE23;&#xE30;&#xE23;&#xE32;&#xE0A;&#xE01;&#xE23;&#xE13;&#xE35;&#xE22;&#xE01;&#xE34;&#xE08;</subfield>
  </datafield>
  <datafield tag="850" ind1=" " ind2=" ">
    <subfield code="a">NALT</subfield>
  </datafield>
  <datafield tag="942" ind1=" " ind2=" ">
    <subfield code="c">GB</subfield>
    <subfield code="2">lcc</subfield>
  </datafield>
  <datafield tag="998" ind1=" " ind2=" ">
    <subfield code="c">103</subfield>
    <subfield code="j">111</subfield>
    <subfield code="k"> &#xE19;&#xE32;&#xE07;&#xE2A;&#xE32;&#xE27;&#xE1E;&#xE08;&#xE1E;&#xE34;&#xE13;  &#xE1E;&#xE23;&#xE21;&#xE40;&#xE2D;&#xE35;&#xE48;&#xE22;&#xE21;</subfield>
  </datafield>
  <datafield tag="999" ind1=" " ind2=" ">
    <subfield code="c">40546</subfield>
    <subfield code="d">40546</subfield>
  </datafield>
  <datafield tag="952" ind1=" " ind2=" ">
    <subfield code="0">0</subfield>
    <subfield code="1">0</subfield>
    <subfield code="4">0</subfield>
    <subfield code="7">0</subfield>
    <subfield code="8">CGBL</subfield>
    <subfield code="a">NALT</subfield>
    <subfield code="b">NALT</subfield>
    <subfield code="l">2</subfield>
    <subfield code="m">1</subfield>
    <subfield code="o">DS 570.6S5 &#xE17;622&#xE2A; 2535</subfield>
    <subfield code="p">3961101448</subfield>
    <subfield code="r">2025-11-25 00:00:00</subfield>
    <subfield code="s">2025-11-18</subfield>
    <subfield code="t">&#xE09;. 1</subfield>
    <subfield code="w">2017-06-09</subfield>
    <subfield code="y">GB</subfield>
  </datafield>
  <datafield tag="952" ind1=" " ind2=" ">
    <subfield code="0">0</subfield>
    <subfield code="1">0</subfield>
    <subfield code="4">0</subfield>
    <subfield code="7">0</subfield>
    <subfield code="8">CGBL</subfield>
    <subfield code="a">NALT</subfield>
    <subfield code="b">NALT</subfield>
    <subfield code="l">0</subfield>
    <subfield code="o">DS 570.6S5 &#xE17;622&#xE2A; 2535</subfield>
    <subfield code="p">3961101449</subfield>
    <subfield code="r">2017-06-09 00:00:00</subfield>
    <subfield code="t">&#xE09;. 1</subfield>
    <subfield code="w">2017-06-09</subfield>
    <subfield code="y">GB</subfield>
  </datafield>
</record>
